हस्ताक्षर / (Record no. 114980)

MARC details
000 -LEADER
fixed length control field 01142nam a22002897a 4500
003 - CONTROL NUMBER IDENTIFIER
control field dpl
005 - DATE AND TIME OF LATEST TRANSACTION
control field 20181116152218.0
008 - FIXED-LENGTH DATA ELEMENTS--GENERAL INFORMATION
fixed length control field 181116b ||||| |||| 00| 0 eng d
010 ## - LIBRARY OF CONGRESS CONTROL NUMBER
LC control number B-067467
020 ## - INTERNATIONAL STANDARD BOOK NUMBER
Terms of availability 90.00
035 ## - SYSTEM CONTROL NUMBER
System control number B-067467, B-067471
037 ## - SOURCE OF ACQUISITION
Source of stock number/acquisition Cen Lib/Ret
040 ## - CATALOGING SOURCE
Original cataloging agency DPL
Language of cataloging HN
Transcribing agency 0
082 ## - DEWEY DECIMAL CLASSIFICATION NUMBER
Classification number
Item number टिवाणा
100 ## - MAIN ENTRY--PERSONAL NAME
Personal name टिवाणा , दिलीप कौर
9 (RLIN) 59309
245 ## - TITLE STATEMENT
Title हस्ताक्षर /
Statement of responsibility, etc दिलीप कौर टिवाणा
246 ## - VARYING FORM OF TITLE
Title proper/short title Hastakshar
Remainder of title by Dilip Kour Tivana
260 ## - PUBLICATION, DISTRIBUTION, ETC. (IMPRINT)
Place of publication, distribution, etc दिल्ली
Name of publisher, distributor, etc श्री प्रकाशन
Date of publication, distribution, etc 2001
270 ## - ADDRESS
Address 4/32,सुभाष गली विश्वास नगर शाहदरा
City दिल्ली
Postal code 110032
300 ## - PHYSICAL DESCRIPTION
Extent 96पृष्ठ.
Dimensions 21सेमी(सजिल्द)
650 ## - SUBJECT ADDED ENTRY--TOPICAL TERM
Topical term or geographic name as entry element हिंदी साहित्य
9 (RLIN) 59310
650 ## - SUBJECT ADDED ENTRY--TOPICAL TERM
Topical term or geographic name as entry element हिंदी उपन्यास
9 (RLIN) 59311
650 ## - SUBJECT ADDED ENTRY--TOPICAL TERM
Topical term or geographic name as entry element hindi literature
9 (RLIN) 59312
650 ## - SUBJECT ADDED ENTRY--TOPICAL TERM
Topical term or geographic name as entry element hindi novel
9 (RLIN) 59313
700 ## - ADDED ENTRY--PERSONAL NAME
Personal name नागपाल ,रमण
9 (RLIN) 59314
942 ## - ADDED ENTRY ELEMENTS (KOHA)
Source of classification or shelving scheme Dewey Decimal Classification
Koha item type Hindi Books
Classification part
Call number suffix टिवाणा
Holdings
Withdrawn status Lost status Damaged status Not for loan Home library Current library Date acquired Source of acquisition Cost, normal purchase price Total Checkouts Full call number Barcode Date last seen Date checked out Copy number Cost, replacement price Price effective from Koha item type Source of classification or shelving scheme Collection code Shelving location
        Central Library Central Library 19/08/2015 Cen Lib/Ret 90.00 2 उ टिवाणा B-067467 25/03/2026 10/03/2026 1 90.00 19/08/2015 Hindi Books      
        Patel Nagar Patel Nagar 31/03/2003 BPPD/PUB 90.00   उ टिवाणा B-067468 10/02/2020   1 90.00 10/02/2020 Hindi Books Dewey Decimal Classification Fiction Fiction
        Shahdara Branch Shahdara Branch 16/11/2018 BPPD/PUB 90.00 1 उ टिवाणा B-067471 28/11/2018 16/11/2018   90.00 16/11/2018 Hindi Books Dewey Decimal Classification Fiction  

© Delhi Public Library
Hit Counter
free hit counter